Listening and Reading : Intermediate course
The longman Preparation Series for the TOEIC Test: Listening and Reading will teach you language strategies and test strategies that will help you reach these goals and score well on the TOEIC test.
সংরক্ষণ করুন:
| প্রধান লেখক: | |
|---|---|
| বিন্যাস: | গ্রন্থ |
| ভাষা: | Undetermined |
| প্রকাশিত: |
White Plains, N.Y.
Pearson Education
2012
|
| বিষয়গুলি: | |
| ট্যাগগুলো: |
ট্যাগ যুক্ত করুন
কোনো ট্যাগ নেই, প্রথমজন হিসাবে ট্যাগ করুন!
|
| Thư viện lưu trữ: | Trung tâm Học liệu Trường Đại học Cần Thơ |
|---|
| LEADER | 00855nam a2200229Ia 4500 | ||
|---|---|---|---|
| 001 | CTU_188004 | ||
| 008 | 210402s9999 xx 000 0 und d | ||
| 020 | |c 250000 | ||
| 082 | |a 428.0076 | ||
| 082 | |b L887 | ||
| 100 | |a Lougheed, Lin | ||
| 245 | 0 | |a Listening and Reading : | |
| 245 | 0 | |b Intermediate course | |
| 245 | 0 | |c Lin Lougheed | |
| 260 | |a White Plains, N.Y. | ||
| 260 | |b Pearson Education | ||
| 260 | |c 2012 | ||
| 520 | |a The longman Preparation Series for the TOEIC Test: Listening and Reading will teach you language strategies and test strategies that will help you reach these goals and score well on the TOEIC test. | ||
| 650 | |a English language,Tiếng Anh | ||
| 650 | |x Business English,Examinations,Tiếng Anh thương mại,Kỳ thi | ||
| 910 | |a Xuyen,Hải | ||
| 980 | |a Trung tâm Học liệu Trường Đại học Cần Thơ | ||